000 01479cam a2200397 a 4500
001 14631154
005 20221005154733.0
008 061113s2007 enka b 001 0 eng
010 _a 2006037470
015 _aGBA754925
_2bnb
016 7 _a013533396
_2Uk
020 _a0415770955 (hbk.)
020 _a0203960955 (ebk.)
020 _a9780415770958 (hbk.)
020 _a9780203960950 (ebk.)
035 _a(OCoLC)ocm76416542
040 _aDLC
_cDLC
_dBTCTA
_dBAKER
_dBWKUK
_dYDXCP
_dUKM
_dBWK
_dDLC
043 _aa-cc---
050 0 0 _aLA1131.82
_b.E375 2007
082 0 0 _a370.9510904
_bEDU
245 0 0 _aEducation and reform in China /
_cedited by Emily Hannum and Albert Park.
260 _aLondon ;
_aNew York :
_bRoutledge,
_c2007.
300 _axx, 282 p. :
_bill. ;
_c24 cm.
440 0 _aCritical Asian scholarship
_999145
504 _aIncludes bibliographical references and index.
650 0 _aEducation
_zChina
_xHistory
_y20th century.
_999146
650 0 _aEducation and state
_zChina.
_999147
651 0 _aChina
_xHistory
_yCultural Revolution, 1966-1976.
_999148
653 1 _aChina
700 1 _aHannum, Emily.
_999149
700 1 _aPark, Albert,
_d1966-
_999150
856 4 1 _3Table of contents only
_uhttp://www.loc.gov/catdir/toc/ecip075/2006037470.html
906 _a7
_bcbc
_corignew
_d1
_eecip
_f20
_gy-gencatlg
942 _2ddc
_cBK
999 _c591502
_d591502